| Поле | Инд. | ПП | Название | Значение |
|---|---|---|---|---|
| Тип записи | a | |||
| Библиографический уровень | b | |||
| 001 | Контрольный номер | f7c7c63a97c4487b896894508f179350 | ||
| 005 | Дата корректировки | 20251215110923.0 | ||
| 024 | 80 | a | Стандартный номер | 10.1103/rm6p-8hzd |
| 040 | a | Служба первич. каталог. | РИНЦ | |
| b | Код языка каталог. | rus | ||
| 041 | 0_ | a | Код языка текста | eng |
| 097 | a | Василенко М.А. | ||
| 100 | 1_ | a | Автор | Shamova I. |
| 100 | 1_ | a | Автор | Sun J. Y. |
| 100 | 1_ | a | Автор | Chang X. Y. |
| 100 | 1_ | a | Автор | Chareev D. A. |
| c | Титул (звания) | доцент (ученое звание); кандидат химических наук; профессор (должность); | ||
| i | 000091010 | |||
| g | Прочие сведения | РИНЦ AuthorID: 135561 (http://elibrary.ru/author_profile.asp?id= 135561); SPIN-код: 6270-1872 (http://elibrary.ru/author_items.asp?authorid=135561); Scopus Author ID: 15051531400v (https://www.scopus.com/authid/detail.uri?authorId=15051531400); ORCID ID: http://orcid.org/0000-0002-9380-2680 | ||
| j | Принадлежность неизвестного автора к последователям, ученикам, сторонникам, школе и т. д. | государственный университет "Дубна" | ||
| k | Кафедра химии, новых технологий и материалов; Факультет естественных и инженерных наук | |||
| q | Полное имя | Чареев Дмитрий Александрович | ||
| u | Дополнение | Чареев Д. А.; Chareev D. A. | ||
| 245 | 10 | a | Заглавие | Comparative Study of Terbium Tellurides Tb2Te5 and TbTe3 |
| 513 | a | передано проректору по научной работе и инновациям | ||
| b | 15.12.2025 | |||
| 773 | 18 | t | Название источника | Physical Review B |
| b | Сведения об издании | American Physical Society | ||
| c | USA | |||
| d | Место и дата издания | 2025 | ||
| m | Специф. данные | входит в Белый список; входит в Scopus; входит в WoS; входит в ядро РИНЦ; зарубежный журнал | ||
| q | У1 Белый список; Q1 Scopus 2024 | |||
| o | Прочие индексы | SJR 1.303 | ||
| x | ISSN | 2469-9950 | ||
| g | Прочая информация | Т. 122. - № 9. - С. 094434 | ||
| w | Контрольный № источника | 31c95df8741c4a35a2b19404c4c504ed | ||
| 856 | 40 | u | URL | https://www.elibrary.ru/item.asp?id=83039567 |
| 901 | t | Тип документа | b | |
| 952 | c | Вид литературы | статья в журнале |